| 000 | 00856pam a2200265 a 4500 | ||
|---|---|---|---|
| 001 | 274 | ||
| 003 | BD-RjUL | ||
| 005 | 20211208233139.0 | ||
| 008 | 131117r20061986nyua 001 0 eng | ||
| 020 | _a9780070601680 (pbk.) | ||
| 020 | _a0070601682(pbk) | ||
| 035 | _a(BD-RjUL)291 | ||
| 040 |
_aDLC _cBD-RjUL _dDLC _dBD-RjUL _beng |
||
| 041 | _aeng | ||
| 082 | 0 | 0 |
_a005.73 _223 _bLIS |
| 100 | 1 |
_aLipschutz, Seymour. _9893 |
|
| 245 | 1 | 4 |
_aThe Schaum's outline of theory and problems of data structures / _cSeymour Lipschutz. |
| 260 |
_aNew Delhi: _b Tata McGraw-Hill, _cc1986 [reprinted 2006]. |
||
| 300 |
_aVar. p. : _bill. ; _c28 cm. |
||
| 500 | _aIncludes index. | ||
| 526 | _bComputer Sciencs | ||
| 650 | 0 |
_aData structures (Computer science) _9869 |
|
| 942 |
_2ddc _cBK |
||
| 999 |
_c274 _d274 |
||